000 01058nam a2200301 a 4500
005 20080820131943.0
008 060418s2006 caua |s 001 0 eng d
010 _aENG-91154
020 _a9780070264694
_c750.00
020 _a0070264694
035 _aEN-74687
037 _bDBAD / PUB
040 _adpl
_bEnglish
082 _a337
100 _aSteingart, Gabor
245 _aThe war for wealth:
_cby Gabor Steingart
_bthe true story of globalization, or why the flat world is broken /
260 _aNew Delhi
_bTata McGraw-Hill Publishing
_c2008
270 _a7 West Patel Nagar,
_bNew Delhi
_e110008
300 _axii, 297p.
_c23cm (Hb)
500 _aIncludes sources and index.
650 _aInternational economic relations.
650 _aInternational relations.
650 _aGlobalization.
650 _aWealth.
942 _2ddc
_cEN
_mSTE
_h337
999 _c16284
_d16284